Kỹ thuật sản xuất các chất kiềm
Nội dung tài liệu trình bày sự hình thành và phát triển kỹ thuật các chất kiềm, nguyên liệu và các phương pháp chuẩn bị, amon hoá nước muối, carbonat hoá dung dịch nước muối bão hoà chứa amoniac, nhiệt giải natri hydrocarbonat, chưng phân giải...
محفوظ في:
| المؤلف الرئيسي: | |
|---|---|
| التنسيق: | كتاب |
| اللغة: | Vietnamese |
| منشور في: |
Hà Nội
Bách khoa Hà Nội
2017
|
| سلاسل: | Tủ sách Ngành kỹ thuật hoá học
|
| الوسوم: |
إضافة وسم
لا توجد وسوم, كن أول من يضع وسما على هذه التسجيلة!
|
| Thư viện lưu trữ: | Thư viện Trường Đại học Nam Cần Thơ |
|---|
| LEADER | 01502nam a22002177a 4500 | ||
|---|---|---|---|
| 001 | NCT_82 | ||
| 008 | 170927b xxu||||| |||| 00| 0 vie d | ||
| 999 | |c 5 |d 5 | ||
| 020 | |a 9786049501500 |c 105000 | ||
| 082 | 0 | 4 | |2 23rd ed. |a 661.3 |b B312 |
| 100 | 1 | |a La Văn Bình | |
| 245 | 1 | 0 | |a Kỹ thuật sản xuất các chất kiềm |c La Văn Bình |
| 260 | |a Hà Nội |b Bách khoa Hà Nội |c 2017 | ||
| 300 | |a 291 tr. |b hình vẽ, bảng |c 24 cm | ||
| 490 | 0 | |a Tủ sách Ngành kỹ thuật hoá học | |
| 520 | 3 | |a Nội dung tài liệu trình bày sự hình thành và phát triển kỹ thuật các chất kiềm, nguyên liệu và các phương pháp chuẩn bị, amon hoá nước muối, carbonat hoá dung dịch nước muối bão hoà chứa amoniac, nhiệt giải natri hydrocarbonat, chưng phân giải amoniac và carbonic từ nước lọc NaHCO3... | |
| 942 | |2 ddc |c BK | ||
| 952 | |0 0 |1 0 |2 ddc |4 0 |6 661_300000000000000_B312 |7 0 |9 9 |a 000001 |b 000001 |d 2017-09-27 |l 2 |o 661.3 B312 |p MD.00015 |r 2017-10-21 |s 2017-10-21 |v 105000.00 |w 2017-09-27 |y BK | ||
| 952 | |0 0 |1 0 |2 ddc |4 0 |6 661_300000000000000_B312 |7 0 |9 34 |a 000001 |b 000001 |d 2017-09-29 |l 1 |o 661.3 B312 |p MD.00062 |r 2017-10-03 |s 2017-10-02 |v 105000.00 |w 2017-09-29 |y BK | ||
| 952 | |0 0 |1 0 |2 ddc |4 0 |6 661_300000000000000_B312 |7 0 |9 35 |a 000001 |b 000001 |d 2017-09-29 |o 661.3 B312 |p MD.00063 |r 2017-09-29 |v 105000.00 |w 2017-09-29 |y BK | ||
| 980 | |a Thư viện Trường Đại học Nam Cần Thơ | ||


